000 00253nam a22001097a 4500
082 _a920/KHA
100 _aKhandekar,Dr.Roopmati
_983294
245 _aHemu Vikramaditya
260 _aDelhi
_bBhairavi Publisher
_c2022
650 _aBiography
942 _cBK
999 _c68142
_d68142